Statistics for Brawl Stars Gadgets

Click here to take the quiz!

General Stats

  • This quiz has been taken 152 times
    (132 since last reset)
  • The average score is 11 of 63

Answer Stats

BrawlerGadget% Correct
Clay Pigeons
78%
Silver Bullet
57%
DynamikeFidget Spinner
42%
Stomper
40%
BullT-Bone Injector
33%
Faux Fur
32%
BoSuper Totem
32%
Tripwire
32%
Homemade Recipe
30%
EmzFriendzoner
28%
EdgarLet's Fly
27%
BrockRocket Laces
26%
NitaBear Paws
25%
Satchel Charge
25%
PiperAuto Aimer
24%
ColtSpeedloader
24%
Flying Hook
22%
Rocket Fuel
20%
Slowing Toxin
20%
Asteroid Belt
19%
8-BITCheat Cartridge
19%
El PrimoSuplex Supplement
19%
BibiVitamin Booster
18%
Extra Credits
17%
BeaHoney Molasses
17%
Tar Barrel
17%
CarlHeat Ejector
16%
JessieSpark Plug
16%
MortisCombo Spinner
15%
ShellyFast Foward
15%
Rattled Hive
15%
DarrylRecoiling Rotator
15%
LeonClone Projector
14%
Survival Shovel
14%
RosaGrow Light
13%
Sneaky Sneakers
13%
PocoTuning Fork
13%
Captain's Compass
11%
LouIce Block
11%
ColetteNa-ah!
11%
JackyPneumatic Booster
11%
SpikePopping Pincushion
11%
ByronShot In The Arm
11%
BarleySticky Syrup Mixer
11%
CrowDefense Booster
10%
Herbal Tonic
10%
GeneLamp Blowout
10%
RicoMultiball Launcher
10%
SurgePower Surge
10%
PennyPocket Detonator
9%
PamPulse Modulator
9%
GaleSpring Ejector
9%
Transplant
9%
TickBackup Mine
8%
MaxPhase Shifter
8%
TaraPsychic Enhancer
8%
FrankActive Noise Canceling
7%
SproutGarden Mulcher
7%
Mr. PService Bell
7%
SandySleep Simulator
7%
NaniWarp Blast
7%
AmberFire Starters
5%
Recoli Spring
5%

Score Distribution

Percentile by Number Answered

Percent of People with Each Score

Your Score History

You have not taken this quiz since the last reset